Los veintiún libros de los ingenios y maquinas (Record no. 149393)

MARC details
000 -LEADER
campo de control de longitud fija 00954nam a2200241 i 4500
001 - NÚMERO DE CONTROL
campo de control 149393
003 - IDENTIFICADOR DE NÚMERO DE CONTROL
campo de control ES-MaACL
005 - FECHA Y HORA DE LA ÚLTIMA TRANSACCIÓN
campo de control 20250902235301.0
007 - CAMPO FIJO DE DESCRIPCIÓN FÍSICA--INFORMACIÓN GENERAL
campo de control de longitud fija t|
008 - DATOS DE LONGITUD FIJA--INFORMACIÓN GENERAL
campo de control de longitud fija 071015s1984 sp a |||| | spa d
080 ## - NÚMERO DE LA CLASIFICACIÓN DECIMAL UNIVERSAL
Número de la Clasificación Decimal Universal 626"15"
100 1# - ENTRADA PRINCIPAL--NOMBRE DE PERSONA
Nombre de persona Lastanosa, Pedro Juan de.
9 (RLIN) 149116
245 14 - MENCIÓN DEL TÍTULO
Título Los veintiún libros de los ingenios y maquinas
Resto del título = The twenty books of devices and of machines /
Mención de responsabilidad, etc. Pseudo-Juanelo Turriano ; general introduction by J. Antonio García-Diego.
260 ## - PUBLICACIÓN, DISTRIBUCIÓN, ETC.
Lugar de publicación, distribución, etc. Madrid :
Nombre del editor, distribuidor, etc. Colegio de Ingenieros de Caminos, Canales y Puertos,
Fecha de publicación, distribución, etc. 1984.
300 ## - DESCRIPCIÓN FÍSICA
Extensión 2 v. :
Otras características físicas il. ;
Dimensiones 24 cm.
546 ## - NOTA DE IDIOMA
Nota de lengua/lenguaje Texto en español e introducción en inglés.
650 14 - PUNTO DE ACCESO ADICIONAL DE MATERIA--TÉRMINO DE MATERIA
Término de materia o nombre geográfico como elemento de entrada Ingeniería mecánica-
Subdivisión de forma Obras anteriores a 1800
9 (RLIN) 13779
700 1# - ENTRADA AGREGADA--NOMBRE PERSONAL
Nombre de persona Turriano, Juanelo.
9 (RLIN) 149040
700 1# - ENTRADA AGREGADA--NOMBRE PERSONAL
Nombre de persona García-Diego, José A.
9 (RLIN) 54541
710 2# - ENTRADA AGREGADA--NOMBRE DE ENTIDAD CORPORATIVA
Nombre de entidad corporativa o nombre de jurisdicción como elemento de entrada Colegio de Ingenieros de Caminos, Canales y Puertos.
9 (RLIN) 139226
852 ## - LOCALIZACIÓN
Ubicación ES-MaACL
Número de control de estantería G-7149-50
Holdings
Estatus retirado Estado de pérdida Estado de daño No para préstamo Biblioteca de origen Biblioteca actual Ubicación en estantería Fecha de adquisición Fuente de adquisición Total de préstamos Signatura topográfica completa Código de barras Visto por última vez Precio de reemplazo Tipo de ítem Koha
        Biblioteca del Ateneo de Madrid Biblioteca del Ateneo de Madrid Depósito 2 17/01/2008     G-7149-50 1155894 23/02/2023 23/02/2023 Libro impreso